000 00431nam a2200133Ia 4500
008 100328s9999 xx 000 0 und d
082 _b37655
100 _aबेडेकर विश्राम
245 _aस्वा.वीर सावरकर-1
260 _bपॉप्युलर
630 _aस्वा.वीर सावरकर-1
730 _aस्वा.वीर सावरकर-1
942 _cBOOK
999 _c527035
_d527032